Фауна России и сопредельных стран, преимущественно по коллекциям Зоологического музея Академии наук. Т. 1. Вып. 2: Введение (Запись № 5047411)

Подробности
000 -МАРКЕР
контрольное поле 01396nam2a22002291 4500
001 - ИДЕНТИФИКАТОР ЗАПИСИ
контрольное поле v19\rc\2098262
005 - ИДЕНТИФИКАТОР ВЕРСИИ
контрольное поле 20250620041840.0
035 ## - ДРУГИЕ СИСТЕМНЫЕ НОМЕРА
Идентификатор записи (NLR Aleph) 005168362
100 ## - ДАННЫЕ ОБЩЕЙ ОБРАБОТКИ
Данные общей обработки 20081218d1929 |||y0rusy50 ca
101 0# - ЯЗЫК РЕСУРСА
Язык текста, звукозаписи и т.д. русский
102 ## - СТРАНА ПУБЛИКАЦИИ ИЛИ ПРОИЗВОДСТВА
Страна публикации Российская Федерация
105 ## - ПОЛЕ КОДИРОВАННЫХ ДАННЫХ: ТЕКСТОВЫЕ МАТЕРИАЛЫ, МОНОГРАФИЧЕСКИЕ
Кодированные данные о монографическом текстовом документе y z |||||
200 1# - ЗАГЛАВИЕ И СВЕДЕНИЯ ОБ ОТВЕТСТВЕННОСТИ
Основное заглавие Введение
Сведения, относящиеся к заглавию Asciidae (Danaidae)
210 ## - ПУБЛИКАЦИЯ, РАСПРОСТРАНЕНИЕ И ДР.
Место издания, распространения и т.д. Ленинград
Имя издателя, распространителя и т. д. Изд-во Акад. наук
Дата издания, распространения и т.д. 1929
461 #0 - УРОВЕНЬ НАБОРА
Встроенное поле 001v19\rc\2098260
-- 2001#$aФауна России и сопредельных стран, преимущественно по коллекциям Зоологического музея Академии наук$eТ. 1-$fПод ред. дир. Музея Акад. И.В. Насонова$iНасекомые чешуекрылые. (Insecta lepidoptera)$vТ. 1. Вып. 2
Системный номер (АБИС) связанной записи 5047397
Место публикации Петроград
Дата публикации 1915-1929
Первые сведения об ответственности Под ред. дир. Музея Акад. И.В. Насонова
Заглавие части Насекомые чешуекрылые. (Insecta lepidoptera)
Имя издателя, распространителя и т.д. тип. Акад. наук
Сведения, относящиеся к заглавию Т. 1-
Заглавие Фауна России и сопредельных стран, преимущественно по коллекциям Зоологического музея Академии наук
Номер тома Т. 1. Вып. 2
700 #1 - ИМЯ ЛИЦА - ПЕРВИЧНАЯ ОТВЕТСТВЕННОСТЬ
Начальный элемент ввода Кузнецов
Часть имени, кроме начального элемента ввода Н.Я.
801 #0 - ИСТОЧНИК ЗАПИСИ
Страна Российская Федерация
Организация NLR
Правила каталогизации psbo
801 #1 - ИСТОЧНИК ЗАПИСИ
Страна Российская Федерация
Организация ProSoft-M
Источник данных rusmarc
852 ## - МЕСТОНАХОЖДЕНИЕ И ШИФР ХРАНЕНИЯ
Идентификатор организации NLR
Шифр хранения (Call Number) 37.69.3.7(2)
942 ## - ДОПОЛНИТЕЛЬНЫЕ ЭЛЕМЕНТЫ ЗАПИСИ (АБИС)
Тип экземпляра АБИС Книга
980 ## - КОЛЛЕКЦИЯ
Название коллекции Национальная библиография
Экземпляры
Тип экземпляра Дата поступления Библиотека постоянного хранения Библиотека текущего хранения Место хранения Шифр хранения Штрих-код Статус экземпляра
Книга 26.10.2013 РНБ (Садовая) РНБ (Садовая) Русский книжный фонд -Главное здание, Ленинский читальный зал 37.69.3.7(2) 5168362-10